1419 1560 1499 1819 1636 1546 1549 1592 1331 1650 1268 1378 1380 1022 1041 1569 1348 1625 1595 1303 1602 1372 1768 1253 1038 1689 1486 1754 1568 1462 1746 1069 1160 1942 1138 1986 1093 1893 1320 1960 1050 1666 1715 1401 1195 1893 1895 1035 1657 1810 1220 1536 1151 1174 1575 1832 1781 1160 1918 1778 1424 1053 1632 1373 1065 1084 1978 1600 1048 1602 1908 1248 1931 1184 1970 1961 1633 1712 1102 1554 1268 1453 1258 1376 1827 1931 1412 1423 1587 1191 1570 1951 1165 1467 1748 1436 1659 1263 1943 BCNSPRNW ULIB Ver.6.0+V

เปลี่ยนเป็นภาษาไทย

Change to English
 แสดงรายละเอียดบรรณานุกรม
  กลับหน้าหลัก

Brief Record : Get Marc (ISO 2709) : E-mail record : QR code < ปิดหน้าต่าง
LEADER : 00000nam 2200000uu 4500
001    13399107803
003     ULIB
008    110203s2551||||th 000 0 tha d
020    9789812599773 (ล.1)
020    9780721602202 (set)
040    brv
041 1  tha^heng
060 04 WY152^bก492 ล.1 2551
245 00 การพยาบาลผู้ใหญ่และผู้สูงอายุที่มีปัญหาสุขภาพ^nเล่ม 1 =^bMedical-surgical nursing : clinical management for positive outcomes /^cบรรณาธิการ ผ่องศรี ศรีมรกต
246 31 Medical-surgical nursing :^bclinical management forpositive outcomes
250    พิมพ์ครั้งที่ 7
260    กรุงเทพฯ :^bไอกรุ๊ป เพรส,^c2551
300    xiv, 653 หน้า :^bภาพประกอบ ;^c28 ซม.
500    แปลและเรียบเรียงจากหนังสือ Medical-surgical nursing :clinical management for positive outcomes / [edited by] Joyce M. Black, Jane Hokanson Hawks. 7th ed. 2001.
504    มีดรรชนี
650  7 การพยาบาลผู้สูงอายุ
650  7 การพยาบาลศัลยศาสตร์
650  7 จิตสรีรวิทยา
650  7 พยาบาล, การบริการ
650  7 ผู้ป่วย^xการดูแล
650  7 การพยาบาลอายุรศาสตร์
700 0  ผ่องศรี ศรีมรกต,^eบรรณาธิการ
945    ^p900^l0^i025443
945    ^p900^l0^i025442
945    ^p900^l0^i025441
945    ^p900^l0^i023725
945    ^p900^l0^i023724
945    ^p900^l0^i023723
945    ^p900^l0^i023726
995    ทศพร
999 ^a ใช้งานได้ทุกระบบ
รายการนี้ยังไม่มีแท็ก
คุณยังไม่ได้ล็อกอิน คุณสามารถมีกิจกรรมร่วมกับเว็บไซต์ได้ แต่ต้องล็อกอินก่อน ::
  ล็อกอิน

รายการสื่อสารสนเทศ

ลำดับที่ ประเภท เลขเรียก/บาร์โค้ด สถานที่ สถานะ
1. วิทยาศาสตร์การแพทย์ และสุขภาพ
วิทยาศาสตร์การแพทย์ และสุขภาพ
WY152 ก492 ล.1 2551 ฉ.2 
  Barcode: 023724
ห้องสมุดวิทยาเขตสวรรค์ประชารักษ์
►ส่วนจัดเก็บหนังสือเก่า สปร
บนชั้น
  ขอยืม

รายการใกล้เคียง
    หัวเรื่อง [การพยาบาลผู้สูงอายุ]
    หัวเรื่อง [การพยาบาลศัลยศาสตร์]
    หัวเรื่อง [จิตสรีรวิทยา]
    หัวเรื่อง [พยาบาล, การบริการ]
    หัวเรื่อง [ผู้ป่วย การดูแล]
    หัวเรื่อง [การพยาบาลอายุรศาสตร์]

BibComment


ยังไม่เคยถูกคอมเมนท์

คอมเมนท์ทรัพยากรรายการนี้
  คอมเมนท์: การพยาบาลผู้ใหญ่แ..


 Copyright 2026. Bcnsprnw @Library